[Event "GER-ch64 email"]
[Site "GER email"]
[Date "2012.08.13"]
[Round "?"]
[White "Taulien, Hans Juergen"]
[Black "Bars, Joachim"]
[Result "1/2-1/2"]
[WhiteElo "2048"]
[BlackElo "2273"]
[PlyCount "66"]
[EventDate "2012.08.13"]
[EventType "tourn (corr)"]
[EventRounds "10"]
[EventCountry "GER"]
[SourceTitle "Corr 2015"]
[Source "ChessBase"]
[SourceDate "2015.07.17"]
[SourceVersion "1"]
[SourceVersionDate "2015.07.17"]
[SourceQuality "1"]

1. b4 e5 2. Bb2 Bxb4 3. Bxe5 Nf6 4. Nc3 Be7 5. e3 0-0 6. Rb1 d5 7. Nb5 Na6 8. Nf3 c6 9. Nbd4 Nc5 10. c4 Ncd7 11. Bxf6 Nxf6 12. Qc2 g6 13. Bd3 Qd6 14. a4 a6 15. a5 c5 16. Ne2 Bd8 17. Qa2 Rb8 18. 0-0 Bg4 19. Ng3 Bxf3 20. gxf3 d4 21. Ne4 Nxe4 22. Bxe4 Bc7 23. f4 g5 24. f3 dxe3 25. dxe3 gxf4 26. Rfd1 Qh6 27. Qg2+ Kh8 28. Qb2+ Qg7+ 29. Qxg7+ Kxg7 30. exf4 Bxa5 31. Rxb7 Rxb7 32. Bxb7 Bc7 33. Bxa6 Bxf4 1/2-1/2

[Event "GER-ch68 V05 email"]
[Site "GER email"]
[Date "2012.01.28"]
[Round "?"]
[White "Stieger, Helmut G"]
[Black "Taulien, Hans Juergen"]
[Result "1/2-1/2"]
[WhiteElo "2173"]
[BlackElo "2002"]
[PlyCount "109"]
[EventDate "2012.02.13"]
[EventType "tourn (corr)"]
[EventRounds "6"]
[EventCountry "GER"]
[SourceTitle "Corr 2015"]
[Source "ChessBase"]
[SourceDate "2015.07.17"]
[SourceVersion "1"]
[SourceVersionDate "2015.07.17"]
[SourceQuality "1"]
[WhiteTeam "Germany"]
[BlackTeam "Germany"]
[WhiteTeamCountry "GER"]
[BlackTeamCountry "GER"]

1. d4 Nf6 2. c4 e6 3. g3 c5 4. d5 exd5 5. cxd5 d6 6. Nc3 g6 7. Bg2 Bg7 8. Nf3 0-0 9. 0-0 a6 10. a4 Re8 11. Bf4 Nh5 12. Bg5 Qc7 13. h3 Nd7 14. Re1 Ne5 15. e4 Nxf3+ 16. Qxf3 Be5 17. g4 f6 18. Bd2 Ng7 19. a5 Bd7 20. Ra2 h5 21. Nd1 hxg4 22. hxg4 Re7 23. Ne3 Rf8 24. b4 Ne8 25. Nc4 Rh7 26. Nxe5 fxe5 27. Qg3 cxb4 28. Rb1 Nf6 29. Rc1 Qb8 30. Bxb4 Bxg4 31. Ba3 Bd7 32. Qe3 Ng4 33. Qb6 Rf6 34. Rc3 Qf8 35. Rac2 g5 36. Rg3 Qh6 37. Rh3 Qg6 38. f3 Nh6 39. Rg3 Rg7 40. Bc1 g4 41. Qd8+ Rf8 42. Qh4 Nf7 43. Rc7 Bc8 44. Qe7 Qh7 45. Rc3 Qh5 46. Bd2 Qg6 47. fxg4 Ng5 48. Qxg5 Qxg5 49. Bxg5 Rxg5 50. Rc7 Rg6 51. Bh3 Kh8 52. Kg2 Rg7 53. Rf3 Rfg8 54. Rxg7 Kxg7 55. g5 1/2-1/2

[Event "GER-ch64 email"]
[Site "GER email"]
[Date "2012.??.??"]
[Round "?"]
[White "Grube, Andreas"]
[Black "Taulien, Hans Juergen"]
[Result "0-1"]
[WhiteElo "2158"]
[BlackElo "2048"]
[PlyCount "114"]
[EventDate "2012.08.13"]
[EventType "tourn (corr)"]
[EventRounds "10"]
[EventCountry "GER"]
[SourceTitle "Corr 2015"]
[Source "ChessBase"]
[SourceDate "2015.07.17"]
[SourceVersion "1"]
[SourceVersionDate "2015.07.17"]
[SourceQuality "1"]

1. Nf3 c5 2. e4 d6 3. d4 cxd4 4. Nxd4 Nf6 5. Nc3 a6 6. Be3 e6 7. Be2 Qc7 8. Qd2 b5 9. a3 Bb7 10. f3 Nc6 11. 0-0-0 Rd8 12. g4 h6 13. h4 Nxd4 14. Qxd4 d5 15. Rhe1 Rd7 16. e5 Ng8 17. f4 Ne7 18. h5 Nc6 19. Qb6 Be7 20. Qxc7 Rxc7 21. Bb6 Rc8 22. Bd3 b4 23. axb4 Nxb4 24. Be2 0-0 25. Kb1 Bc6 26. Be3 Bd7 27. g5 hxg5 28. fxg5 Rc7 29. h6 Rb8 30. Rh1 g6 31. Rh4 Kh7 32. Rf1 Be8 33. Rh3 a5 34. Rhf3 Kg8 35. Bd2 Nc6 36. Rh3 Rcb7 37. b3 a4 38. Nxa4 Nd4 39. Nc3 Nxb3 40. cxb3 Rxb3+ 41. Kc2 Rb2+ 42. Kd1 d4 43. Nb5 Ra8 44. Bc4 Bxb5 45. Bxb5 Rb1+ 46. Kc2 Rxb5 47. h7+ Kh8 48. Rxf7 Ra2+ 49. Kd1 Rb1+ 50. Bc1 Ra7 51. Rf2 d3 52. Rxd3 Bxg5 53. Rc2 Kxh7 54. Rd6 Rf7 55. Rxe6 Rf1+ 56. Ke2 Rbxc1 57. Rxc1 Rxc1 0-1

[Event "GER OS-173 email"]
[Site "GER email"]
[Date "2011.09.12"]
[Round "?"]
[White "Taulien, Hans Juergen"]
[Black "Granz, Thomas"]
[Result "1/2-1/2"]
[WhiteElo "2048"]
[BlackElo "1836"]
[PlyCount "123"]
[EventDate "2011.09.19"]
[EventType "tourn (corr)"]
[EventRounds "6"]
[EventCountry "GER"]
[SourceTitle "Corr 2015"]
[Source "ChessBase"]
[SourceDate "2015.07.17"]
[SourceVersion "1"]
[SourceVersionDate "2015.07.17"]
[SourceQuality "1"]
[WhiteTeam "Germany"]
[BlackTeam "Germany"]
[WhiteTeamCountry "GER"]
[BlackTeamCountry "GER"]

1. b4 e5 2. a3 d5 3. Bb2 a5 4. Bxe5 Nc6 5. Bb2 axb4 6. e3 Nf6 7. Nf3 Be7 8. axb4 Rxa1 9. Bxa1 Nxb4 10. Bxf6 Bxf6 11. c3 Nc6 12. d4 0-0 13. Bd3 Be6 14. Nbd2 g6 15. 0-0 Qd7 16. Qa1 Rb8 17. Rb1 Qe8 18. c4 dxc4 19. Bxc4 Bxc4 20. Nxc4 b5 21. Ncd2 Ne7 22. e4 Ra8 23. Qc3 c6 24. g3 Bg7 25. Kg2 h6 26. Rc1 Ra2 27. Nb3 g5 28. h3 Qa8 29. Qd3 Qa3 30. Rc3 Qd6 31. Nc5 Ra1 32. Rc2 Qd8 33. Qe3 Qa8 34. Qd2 Ra3 35. h4 gxh4 36. Nxh4 Qa5 37. Qf4 Qd8 38. Rd2 b4 39. d5 cxd5 40. exd5 b3 41. d6 Nd5 42. Rxd5 b2 43. Qf5 Ra1 44. Nb7 Qb6 45. Rb5 Qc6+ 46. Nf3 Qc1 47. Nh2 Qh1+ 48. Kh3 b1Q 49. Rxb1 Qxb1 50. Qxb1 Rxb1 51. d7 Bf6 52. Ng4 Be7 53. d8Q+ Bxd8 54. Nxd8 Kg7 55. Kg2 Rd1 56. Nc6 h5 57. Ne3 Rd2 58. Nd4 Kg6 59. Nf3 Ra2 60. Nh4+ Kg7 61. Kf3 Kf6 62. Nd5+ 1/2-1/2

[Event "GER-ch43 V08 email"]
[Site "GER email"]
[Date "2011.04.10"]
[Round "?"]
[White "Koch, Hans Georg"]
[Black "Taulien, Hans Juergen"]
[Result "1/2-1/2"]
[WhiteElo "2103"]
[BlackElo "2075"]
[PlyCount "49"]
[EventDate "2011.04.18"]
[EventType "tourn (corr)"]
[EventRounds "10"]
[EventCountry "GER"]
[SourceTitle "Corr 2015"]
[Source "ChessBase"]
[SourceDate "2015.07.17"]
[SourceVersion "1"]
[SourceVersionDate "2015.07.17"]
[SourceQuality "1"]
[WhiteTeam "Germany"]
[BlackTeam "Latvia"]
[WhiteTeamCountry "GER"]
[BlackTeamCountry "LAT"]

1. e4 c5 2. Nf3 d6 3. d4 cxd4 4. Nxd4 Nf6 5. Nc3 a6 6. Bg5 e6 7. Be2 Be7 8. Qd3 Nbd7 9. 0-0 Qc7 10. Rad1 b5 11. a3 Nc5 12. Qe3 0-0 13. e5 dxe5 14. Nc6 Qxc6 15. Bf3 e4 16. Bxf6 gxf6 17. Nxe4 Qc7 18. Nxc5 Bxc5 19. Qh6 Ra7 20. Be4 f5 21. Qg5+ Kh8 22. Qf6+ Kg8 23. Qg5+ Kh8 24. Qf6+ Kg8 25. Qg5+ 1/2-1/2

[Event "GER-ch63 V08 email"]
[Site "GER email"]
[Date "2011.02.15"]
[Round "?"]
[White "Kocks, Friedhelm"]
[Black "Taulien, Hans Juergen"]
[Result "1/2-1/2"]
[WhiteElo "2065"]
[BlackElo "2004"]
[PlyCount "47"]
[EventDate "2011.02.21"]
[EventType "tourn (corr)"]
[EventRounds "6"]
[EventCountry "GER"]
[SourceTitle "Corr 2015"]
[Source "ChessBase"]
[SourceDate "2015.07.17"]
[SourceVersion "1"]
[SourceVersionDate "2015.07.17"]
[SourceQuality "1"]
[WhiteTeam "Germany"]
[BlackTeam "Latvia"]
[WhiteTeamCountry "GER"]
[BlackTeamCountry "LAT"]

1. e4 c5 2. Nf3 d6 3. d4 cxd4 4. Nxd4 Nf6 5. Nc3 a6 6. Be3 e5 7. Nb3 Be6 8. f3 Nbd7 9. g4 b5 10. g5 b4 11. Nd5 Nxd5 12. exd5 Bf5 13. Bd3 Bxd3 14. Qxd3 Be7 15. h4 a5 16. a3 bxa3 17. Rxa3 a4 18. Nd2 0-0 19. c4 Qc7 20. h5 f5 21. gxf6 Nxf6 22. h6 g6 23. Rg1 Kh8 24. Kd1 1/2-1/2

[Event "GER-ch63 V08 email"]
[Site "GER email"]
[Date "2011.02.15"]
[Round "?"]
[White "Mueller, Detlef"]
[Black "Taulien, Hans Juergen"]
[Result "1/2-1/2"]
[WhiteElo "2100"]
[BlackElo "2004"]
[PlyCount "150"]
[EventDate "2011.02.21"]
[EventType "tourn (corr)"]
[EventRounds "6"]
[EventCountry "GER"]
[SourceTitle "Corr 2015"]
[Source "ChessBase"]
[SourceDate "2015.07.17"]
[SourceVersion "1"]
[SourceVersionDate "2015.07.17"]
[SourceQuality "1"]
[WhiteTeam "Germany"]
[BlackTeam "Latvia"]
[WhiteTeamCountry "GER"]
[BlackTeamCountry "LAT"]

1. b4 d5 2. Bb2 e6 3. e3 Nf6 4. a3 a5 5. b5 Bd6 6. c4 Nbd7 7. Nf3 0-0 8. Be2 dxc4 9. Bxc4 e5 10. d3 Qe7 11. Nc3 Nb6 12. Ba2 h6 13. 0-0 Bg4 14. h3 Bh5 15. Qe2 a4 16. Rfd1 Kh8 17. g4 Bg6 18. e4 Rfe8 19. Qd2 Kg8 20. Kg2 Qd7 21. Nh4 Bh7 22. Qe3 Rac8 23. Nf5 Bxf5 24. gxf5 Qe7 25. Ne2 Ra8 26. Rg1 Ra5 27. Kh1 Kh8 28. Qg3 Rg8 29. Bc1 Nbd7 30. Nc3 Nh5 31. Qf3 Nhf6 32. Bd2 Ra7 33. Be3 Ra5 34. Qd1 Bc5 35. Qd2 Bxe3 36. fxe3 Ra7 37. Qc2 Nb6 38. Rac1 Raa8 39. d4 Nbd7 40. Nd5 Qxa3 41. Nxf6 Nxf6 42. Bxf7 Rgf8 43. Be6 Qxe3 44. Qg2 Qxe4 45. dxe5 Qxg2+ 46. Rxg2 Ne8 47. Rd1 Ra5 48. f6 Rxb5 49. Rd7 g5 50. Re2 a3 51. Rd8 Rb2 52. Re3 a2 53. Ra3 Rb1+ 54. Kg2 a1Q 55. Rxa1 Rxa1 56. f7 Rxf7 57. Bxf7 Kg7 58. Bxe8 Ra5 59. Rd7+ Kf8 60. Bh5 Rxe5 61. Rxc7 Re7 62. Rc1 b5 63. Rc8+ Kg7 64. Rb8 Re5 65. Rb6 Rf5 66. Kg3 Rd5 67. Kg4 Rc5 68. Be8 Re5 69. Bg6 Rc5 70. Be4 b4 71. Rxb4 Rc7 72. Rb6 Rf7 73. Rg6+ Kf8 74. Bf5 h5+ 75. Kxg5 Rg7 1/2-1/2

[Event "GER-ch63 V08 email"]
[Site "GER email"]
[Date "2011.02.15"]
[Round "?"]
[White "Taulien, Hans Juergen"]
[Black "Koronowski, Heinz Juergen"]
[Result "1-0"]
[WhiteElo "2004"]
[BlackElo "2034"]
[PlyCount "93"]
[EventDate "2011.02.21"]
[EventType "tourn (corr)"]
[EventRounds "6"]
[EventCountry "GER"]
[SourceTitle "Corr 2015"]
[Source "ChessBase"]
[SourceDate "2015.07.17"]
[SourceVersion "1"]
[SourceVersionDate "2015.07.17"]
[SourceQuality "1"]
[WhiteTeam "Germany"]
[BlackTeam "Latvia"]
[WhiteTeamCountry "GER"]
[BlackTeamCountry "LAT"]

1. b4 e5 2. Bb2 Bxb4 3. Bxe5 Nf6 4. Nc3 Nc6 5. Bxf6 Qxf6 6. Nd5 Qd6 7. Nxb4 Nxb4 8. c3 Nd5 9. g3 0-0 10. Bg2 Nf6 11. Nf3 Qe7 12. 0-0 d5 13. Re1 c5 14. Rc1 Be6 15. d3 Rfe8 16. Qa4 Bd7 17. Qa3 Bc6 18. d4 b6 19. Ne5 Bb7 20. Nd3 c4 21. Qxe7 Rxe7 22. Ne5 Rd8 23. a4 Kf8 24. Rb1 Ne8 25. a5 f6 26. Ng4 bxa5 27. Ra1 Nc7 28. Ne3 Nb5 29. Rec1 a6 30. Kf1 Kf7 31. Ke1 h5 32. Bf3 g6 33. Kd2 Ke6 34. Rxa5 Rd6 35. h4 Kf7 36. g4 hxg4 37. Bxg4 f5 38. Bf3 Kf6 39. Raa1 Rh7 40. Rh1 Rd8 41. Ng2 Rdh8 42. Rag1 Nc7 43. Nf4 Rh6 44. Rb1 Nb5 45. Rhg1 Rg8 46. Bxd5 Bxd5 47. Nxd5+ 1-0

[Event "GER-ch63 V08 email"]
[Site "GER email"]
[Date "2011.02.15"]
[Round "?"]
[White "Taulien, Hans Juergen"]
[Black "Molzahn, Norbert"]
[Result "1/2-1/2"]
[WhiteElo "2004"]
[BlackElo "2066"]
[PlyCount "72"]
[EventDate "2011.02.21"]
[EventType "tourn (corr)"]
[EventRounds "6"]
[EventCountry "GER"]
[SourceTitle "Corr 2015"]
[Source "ChessBase"]
[SourceDate "2015.07.17"]
[SourceVersion "1"]
[SourceVersionDate "2015.07.17"]
[SourceQuality "1"]
[WhiteTeam "Germany"]
[BlackTeam "Latvia"]
[WhiteTeamCountry "GER"]
[BlackTeamCountry "LAT"]

1. b4 e5 2. Bb2 Bxb4 3. Bxe5 Nf6 4. Nc3 Be7 5. Nf3 0-0 6. e3 Nc6 7. Bxf6 Bxf6 8. d4 d5 9. Rb1 b6 10. Bd3 g6 11. 0-0 Bb7 12. Ne2 Na5 13. Nf4 Rc8 14. Qe2 c5 15. c3 Nc4 16. Bxc4 dxc4 17. d5 Bxc3 18. Qxc4 Bg7 19. Rfd1 Re8 20. h4 Qf6 21. a4 Rcd8 22. a5 Rd6 23. Qa4 Qe7 24. Qc4 Bc8 25. Re1 Bg4 26. Nd2 Bh6 27. Ne2 Bf5 28. Rbc1 Rdd8 29. axb6 axb6 30. Nc3 Bg7 31. Nb5 Bc8 32. Nf3 Qe4 33. Nd2 Qe5 34. Nf3 Qe4 35. Nd2 Qe5 36. Nf3 Qe4 1/2-1/2